Les pays vainqueurs du concours Miss Univers - Statistiques

Statistiques générales
  • Ce quiz a été pris 267 fois
    141 depuis la dernière actualisation
  • Le résultat moyen est 29 sur 72
Statistiques - réponses
Année Miss Univers Pays % Correct
2016 Iris Mittenaere France
87%
1953 Christiane Martel France
83%
2021 Harnaaz Sandhu Inde
83%
2019 Zozibini Tunzi Afrique-du-Sud
81%
2017 Demi-Leigh Nel-Peters Afrique-du-Sud
78%
2015 Pia Wurtzbach Philippines
78%
2018 Catriona Gray Philippines
77%
2014 Paulina Vega Colombie
76%
2020 Andrea Meza Mexique
76%
2012 Olivia Culpo Etats-Unis
70%
2007 Riyo Mori Japon
70%
2011 Leila Lopes Angola
69%
2008 Dayana Mendoza Venezuela
66%
2013 Maria Gabriela Isler Venezuela
65%
2023 Michelle Marquez Dee Philippines
63%
2009 Stefania Fernandez Venezuela
62%
2004 Jennifer Hawkins Australie
61%
2010 Ximena Navarrete Mexique
60%
2005 Natalie Glebova Canada
52%
2000 Lara Dufta Inde
50%
1952 Armi Kuusela Finlande
49%
2003 Amélia Vega République dominicaine
49%
2002 Justine Pasek Panama
45%
1997 Brook Lee Etats-Unis
44%
1995 Chelsi Smith Etats-Unis
43%
1999 Mpule Kwelagobe Botswana
39%
1954 Miriam Stevenson Etats-Unis
39%
2001 Denise Quinones Porto-Rico {Etats-Unis}
37%
2006 Zuleyka Rivera Porto-Rico {Etats-Unis}
37%
1956 Carol Morris Etats-Unis
35%
1994 Sushmita Sen Inde
35%
1993 Dayanara Torres Porto-Rico {Etats-Unis}
34%
1959 Akiki Kojima Japon
32%
1998 Wendy Fitzwilliam Trinité-et-Tobago
32%
1996 Alicia Machado Venezuela
32%
1970 Marisol Malaret Porto-Rico {Etats-Unis}
31%
2022 Payengxa Lor Laos
30%
1955 Hillevi Rombin Suède
30%
1985 Deborah Carthy-Deu Porto-Rico {Etats-Unis}
29%
1967 Sylvia Hitchcock Etats-Unis
28%
1991 Lupita Jones Mexique
28%
1988 Porntip Nakhirunkanok Thaïlande
28%
1986 Barbara Palacios Venezuela
27%
1974 Amparo Munoz Espagne
26%
1980 Shawn Weatherly Etats-Unis
26%
1966 Margareta Arvidsson Suède
26%
1979 Maritza Sayalero Fernandez Venezuela
26%
1961 Marlene Schmidt Allemagne
25%
1958 Luz Marina Zuluaga Colombie
25%
1972 Kerry Anne Wells Australie
24%
1989 Angela Visser Pays-Bas
24%
1981 Irene Saez Venezuela
24%
1963 Ieda Maria Vargas Brésil
23%
1992 Michelle McLean Namibie
23%
1957 Gladys Zender Pérou
23%
1977 Janelle Commissiong Trinité-et-Tobago
23%
1978 Margaret Gardiner Afrique-du-Sud
22%
1968 Martha Vasconcellos Brésil
22%
1982 Karen Dianne Baldwin Canada
22%
1964 Corinna Tsopei Grèce
22%
1976 Rina Mor Israël
22%
1990 Mona Grudt Norvège
22%
1969 Gloria Diaz Philippines
22%
1965 Apasra Hongsukula Thaïlande
22%
1960 Linda Bement Etats-Unis
21%
1962 Norma Nolan Argentine
20%
1971 Georgina Rizk Liban
20%
1984 Yvonne Ryding Suède
20%
1987 Cecilia Bolocco Chili
19%
1975 Anne Marie Pohtamo Finlande
19%
1983 Lorraine Downes Nouvelle-Zélande
19%
1973 Margarita Moran Philippines
19%
Aucun quiz correspondant
Distribution des résultats
% des personnes avec chaque résultat
Percentile par nombre de réponses
Votre historique - résultats
Vous n’avez pas pris ce quiz depuis la dernière actualisation